Discursos leídos en la recepción pública de Diego González Gutiérrez la noche del 27 de enero de 1938 / (Record no. 74401)

MARC details
000 -LEADER
campo de control de longitud fija 00747nam a2200193 i 4500
001 - NÚMERO DE CONTROL
campo de control 74401
003 - IDENTIFICADOR DE NÚMERO DE CONTROL
campo de control ES-MaACL
005 - FECHA Y HORA DE LA ÚLTIMA TRANSACCIÓN
campo de control 20230906172124.0
007 - CAMPO FIJO DE DESCRIPCIÓN FÍSICA--INFORMACIÓN GENERAL
campo de control de longitud fija t|
008 - DATOS DE LONGITUD FIJA--INFORMACIÓN GENERAL
campo de control de longitud fija 040917s1938 cu ||||1| spa d
100 1# - ENTRADA PRINCIPAL--NOMBRE DE PERSONA
Nombre de persona González Gutiérrez, Diego.
9 (RLIN) 58696
245 10 - MENCIÓN DEL TÍTULO
Título Discursos leídos en la recepción pública de Diego González Gutiérrez la noche del 27 de enero de 1938 /
Mención de responsabilidad, etc. contestación de Tomás de Jústiz y del Valle, académico de número.
260 ## - PUBLICACIÓN, DISTRIBUCIÓN, ETC.
Lugar de publicación, distribución, etc. La Habana :
Nombre del editor, distribuidor, etc. [s.n.,
Fecha de publicación, distribución, etc. 1938] (
Fabricante Imp. El Siglo XX)
300 ## - DESCRIPCIÓN FÍSICA
Extensión 59 p. ;
Dimensiones 25 cm.
500 ## - NOTA GENERAL
Nota general Precede al tit.: Academia de la Historia de Cuba.
700 1# - ENTRADA AGREGADA--NOMBRE PERSONAL
Nombre de persona Justiz y del Valle, Tomás.
9 (RLIN) 67360
710 2# - ENTRADA AGREGADA--NOMBRE DE ENTIDAD CORPORATIVA
Nombre de entidad corporativa o nombre de jurisdicción como elemento de entrada Academia de la Historia de Cuba.
9 (RLIN) 1183
852 ## - LOCALIZACIÓN
Ubicación ES-MaACL
Número de control de estantería 1813-F-8
Holdings
Estatus retirado Estado de pérdida Estado de daño No para préstamo Colección Biblioteca de origen Biblioteca actual Ubicación en estantería Fecha de adquisición Fuente de adquisición Total de préstamos Signatura topográfica completa Código de barras Visto por última vez Precio de reemplazo Tipo de ítem Koha
        Colección de folletos Biblioteca del Ateneo de Madrid Biblioteca del Ateneo de Madrid Depósito folletos 17/01/2008     1813-F-8 1077883 23/02/2023 23/02/2023 Folleto